MARC details
| 000 -LEADER |
| fixed length control field |
01779cam a2200409 i 4500 |
| 001 - CONTROL NUMBER |
| control field |
13406861 |
| 003 - CONTROL NUMBER IDENTIFIER |
| control field |
EG-ScBUE |
| 005 - DATE AND TIME OF LATEST TRANSACTION |
| control field |
20240903090719.0 |
| 008 - FIXED-LENGTH DATA ELEMENTS--GENERAL INFORMATION |
| fixed length control field |
031117t2003 nyua f 001 0 eng d |
| 020 ## - INTERNATIONAL STANDARD BOOK NUMBER |
| International Standard Book Number |
0071402276 (pbk.) |
| 020 ## - INTERNATIONAL STANDARD BOOK NUMBER |
| International Standard Book Number |
9780071402279 |
| 040 ## - CATALOGING SOURCE |
| Original cataloging agency |
DLC |
| Language of cataloging |
eng |
| Description conventions |
rda |
| Transcribing agency |
DLC |
| Modifying agency |
DLC |
| -- |
EG-ScBUE |
| 082 04 - DEWEY DECIMAL CLASSIFICATION NUMBER |
| Classification number |
510 |
| Edition number |
22 |
| Item number |
AYR |
| 100 1# - MAIN ENTRY--PERSONAL NAME |
| Personal name |
Ayres, Frank, |
| Dates associated with a name |
1901-1994, |
| Relator term |
author. |
| 245 10 - TITLE STATEMENT |
| Title |
Schaum's outline of theory and problems of college mathematics : |
| Remainder of title |
algebra, discrete mathematics, precalculus, introduction to calculus / |
| Statement of responsibility, etc |
Frank Ayres, Jr., Ph.D., formerly professor and head, Department of Mathematics, Dickinson College, Philip A. Schmidt, Ph.D., formerly professor and head, Department of Mathematics, Dickinson College. |
| 246 30 - VARYING FORM OF TITLE |
| Title proper/short title |
Theory and problems of college mathematics |
| 246 30 - VARYING FORM OF TITLE |
| Title proper/short title |
College mathematics |
| 250 ## - EDITION STATEMENT |
| Edition statement |
Third edition. |
| 264 #1 - PUBLICATION, DISTRIBUTION, ETC. (IMPRINT) |
| Place of publication, distribution, etc |
New York : |
| Name of publisher, distributor, etc |
McGraw-Hill, |
| Date of publication, distribution, etc |
[2003] |
| 264 #4 - PUBLICATION, DISTRIBUTION, ETC. (IMPRINT) |
| Date of publication, distribution, etc |
c2003 |
| 300 ## - PHYSICAL DESCRIPTION |
| Extent |
426 pages : |
| Other physical details |
illustrations ; |
| Dimensions |
28 cm. |
| 336 ## - CONTENT TYPE |
| Source |
rdacontent |
| Content type term |
text |
| Content type code |
txt |
| 337 ## - MEDIA TYPE |
| Media type term |
unmediated |
| Source |
rdamedia |
| Media type code |
n |
| 338 ## - CARRIER TYPE |
| Carrier type term |
volume |
| Carrier type code |
nc |
| Source |
rdacarrier |
| 490 0# - SERIES STATEMENT |
| Series statement |
Schaum's outline series |
| 500 ## - GENERAL NOTE |
| General note |
Rev. ed. of: First year college mathematics / Frank Ayres, Jr., c1958. |
| 500 ## - GENERAL NOTE |
| General note |
Includes index. |
| 650 #7 - SUBJECT ADDED ENTRY--TOPICAL TERM |
| Topical term or geographic name as entry element |
Mathematics. |
| Source of heading or term |
BUEsh |
| 650 #7 - SUBJECT ADDED ENTRY--TOPICAL TERM |
| Topical term or geographic name as entry element |
Precalculus. |
| Source of heading or term |
BUEsh |
| 650 #7 - SUBJECT ADDED ENTRY--TOPICAL TERM |
| Topical term or geographic name as entry element |
Mathematics |
| Form subdivision |
Problems, exercises, etc. |
| Source of heading or term |
BUEsh |
| 655 ## - INDEX TERM--GENRE/FORM |
| Form subdivision |
Reading book |
| 700 1# - ADDED ENTRY--PERSONAL NAME |
| Personal name |
Schmidt, Philip A., |
| Relator term |
author. |
| 856 42 - ELECTRONIC LOCATION AND ACCESS |
| Materials specified |
Contributor biographical information |
| Uniform Resource Identifier |
<a href="http://www.loc.gov/catdir/bios/mh041/2003283095.html">http://www.loc.gov/catdir/bios/mh041/2003283095.html</a> |
| 856 41 - ELECTRONIC LOCATION AND ACCESS |
| Materials specified |
Table of contents |
| Uniform Resource Identifier |
<a href="http://www.loc.gov/catdir/toc/mh041/2003283095.html">http://www.loc.gov/catdir/toc/mh041/2003283095.html</a> |
| 856 42 - ELECTRONIC LOCATION AND ACCESS |
| Materials specified |
Publisher description |
| Uniform Resource Identifier |
<a href="http://www.loc.gov/catdir/description/mh041/2003283095.html">http://www.loc.gov/catdir/description/mh041/2003283095.html</a> |
| 942 ## - ADDED ENTRY ELEMENTS (KOHA) |
| Source of classification or shelving scheme |
Dewey Decimal Classification |
| Koha item type |
Book - Borrowing |